Informe sobre la distribució de competències en matèria d'immigració i el seu exercici en els diferents nivells de l'administració / Eduardo Rojo Torrecilla, Ignasi Camós Victòria
MARC
| LEADER | 00000nam a2200000Ia 4500 | ||
|---|---|---|---|
| 001 | 21031 | ||
| 008 | 160829s2006 xx 000 0 cat d | ||
| 080 | |a S-1-266 | ||
| 100 | |a Rojo Torrecilla, Eduardo |9 43710 | ||
| 245 | |a Informe sobre la distribució de competències en matèria d'immigració i el seu exercici en els diferents nivells de l'administració / Eduardo Rojo Torrecilla, Ignasi Camós Victòria | ||
| 260 | |a Barcelona : |b Diputació de Barcelona. Àrea d'Igualtat i Ciutadania. Servei de Polítiques de Diversitat i Ciutadania, |c 2006 | ||
| 300 | |a 117 p. ; |c 30 cm | ||
| 650 | 0 | |a Espanya |x Emigració i immigració |9 37218 | |
| 650 | 0 | |a Emigració i immigració |9 30616 | |
| 650 | 0 | |a Administració pública |z Espanya |9 19075 | |
| 650 | 0 | |a Administració local |z Catalunya |9 10655 | |
| 700 | |a Camós Victòria, Ignasi |9 43712 | ||
| 710 | 1 | |a Barcelona (Catalunya : Província). |b Servei de Polítiques de Diversitat i Ciutadania |9 52870 | |
| 901 | |a Arxiu | ||
| 942 | |n 1 | ||
| 952 | |0 0 |1 0 |4 0 |6 S1266 |7 1 |9 51588 |a Arxiu |b Arxiu |d 2016-12-01 |l 0 |o S-1-266 |p 21031 |r 2016-12-01 00:00:00 |w 2016-12-01 |y ARXIU | ||
| 999 | |c 55433 |d 55433 | ||